La forma de las ruinas / (Registro nro. 11621)

000 -CABECERA
campo de control de longitud fija 01061nam a2200229 a 4500
001 - NÚMERO DE CONTROL
campo de control 000085234
005 - FECHA Y HORA DE LA ÚLTIMA TRANSACCIÓN
campo de control 20200120224909.0
008 - DATOS DE LONGITUD FIJA--INFORMACIÓN GENERAL
campo de control de longitud fija 180703s2015 ck e|| |000|||spa d
020 ## - NÚMERO INTERNACIONAL ESTÁNDAR DEL LIBRO
Número Internacional Estándar del Libro 9789588883946
041 ## - CÓDIGO DE LENGUA
Código de lengua del texto/banda sonora o título independiente spa
043 ## - CÓDIGO DE ÁREA GEOGRÁFICA
Código de área geográfica s-ck---
090 ## - LOCALMENTE ASIGNADO TIPO-LC NÚMERO DE CLASIFICACIÓN (OCLC); NÚMERO DE CLASIFICACIÓN LOCAL (RLIN)
Número de clasificación (OCLC) (R) ; Numero de clasificación, CALL (RLIN) (NR) AN
Número cutter local (OCLC) ; Número de libro/Signatura topográfica íntegra, CALL (RLIN) VASJf
100 1# - ENTRADA PRINCIPAL--NOMBRE DE PERSONA
Nombre de persona Vásquez, Juan Gabriel
245 10 - MENCIÓN DE TÍTULO
Título La forma de las ruinas /
Mención de responsabilidad, etc. Juan Gabriel Vásquez.
260 ## - PUBLICACIÓN, DISTRIBUCIÓN, ETC.
Lugar de publicación, distribución, etc. Bogotá :
Nombre del editor, distribuidor, etc. Random House,
Fecha de publicación, distribución, etc. 2015.
300 ## - DESCRIPCIÓN FÍSICA
Extensión 547 páginas.
520 ## - SUMARIO, ETC.
Sumario, etc. " La forma de las ruinas por Juan Gabriel Vásquez , En el año 2014, Carlos Carballo es arrestado por intentar robar el traje de paño de Jorge Eliécer Gaitán, líder político asesinado en Bogotá en 1948. Carballo es un hombre atormentado que busca señales para desentrañar los misterios de un pasado que lo obsesiona. Pero nadie, ni siquiera sus amigos más cercanos, sospecha las razones profundas de su obsesión. "
600 ## - PUNTO DE ACCESO ADICIONAL DE MATERIA--NOMBRE DE PERSONA
Nombre de persona Gaitán, Jorge Eliécer,
Fechas asociadas al nombre 1898-1948
Subdivisión general Asesinato
Subdivisión de forma Novela.
650 14 - PUNTO DE ACCESO ADICIONAL DE MATERIA--TÉRMINO DE MATERIA
Término de materia o nombre geográfico como elemento de entrada Novela histórica
650 24 - PUNTO DE ACCESO ADICIONAL DE MATERIA--TÉRMINO DE MATERIA
Término de materia o nombre geográfico como elemento de entrada Conspiración
Subdivisión general Novela
650 24 - PUNTO DE ACCESO ADICIONAL DE MATERIA--TÉRMINO DE MATERIA
Término de materia o nombre geográfico como elemento de entrada Novela colombiana
Existencias
Estado de retiro Estado de pérdida Fuente del sistema de clasificación o colocación Estado dañado No para préstamo Código de colección Localización permanente Ubicación/localización actual Fecha de adquisición Número de inventario Total de préstamos Renovaciones totales Signatura topográfica completa Código de barras Fecha visto por última vez Fecha del último préstamo Número de copia Precio válido a partir de Tipo de ítem Koha Nota pública Fuente de adquisición
          Literatura Adulto Biblioteca Pública San Juan Bosco Biblioteca Pública San Juan Bosco 20/01/2020 NT 3 1 AN VASJf MOS019381 21/02/2023 23/01/2023 ej.1 20/01/2020 Libro Literatura Quince días  
          Literatura Adulto Biblioteca Pública San Juan Bosco Biblioteca Pública San Juan Bosco 20/01/2020 NT 5 1 AN VASJf MOS019613 08/05/2026 09/04/2026 ej.2 20/01/2020 Libro Literatura Quince días  
          Literatura Adulto Biblioteca Pública San Juan Bosco Biblioteca Pública San Juan Bosco 08/10/2021 NT 1 1 AN VASJf MOS501767 31/05/2022 28/04/2022 EJ. 3 08/10/2021 Libro Literatura Quince días Compra BPSJBM 2021
          Literatura Adulto Biblioteca Pública San Juan Bosco Biblioteca Pública San Juan Bosco 08/10/2021 NT 1   AN VASJf MOS501768 30/07/2025 27/07/2023 EJ. 4 08/10/2021 Libro Literatura Quince días Compra BPSJBM 2021

© Todos los derechos reservados para la Biblioteca Pública Municipal San Juan Bosco, 2020
Secretaria de Cultura de Mosquera
Carrera 3 N° 10 Esquina Centro Cultural Barrio El Carmén Teléfono: 8270830 Ext: 34
Funcionando con KOHA
Contacto: Biblioteca Pública Municipal San Juan Bosco/ bibliotecasanjuanbosco@mosquera-cundinamarca.gov.co
Mosquera, Cundinamarca